Manual de sigilografía /
Descripción Física:
109 p. : il. ; 20 cm
Otros Autores:
Espanya. Subdirección General de los Archivos Estatales
Materias:
Sigil·lografia
MARC
| LEADER | 00000nam a2200000Ia 4500 | ||
|---|---|---|---|
| 001 | 11509 | ||
| 008 | 160829s1996 xx 000 0 cat d | ||
| 080 | |a B-1-222 | ||
| 100 | |a Carmona de los Santos, María |9 19841 | ||
| 245 | |a Manual de sigilografía / |c María Carmona de los Santos | ||
| 260 | |a Madrid : |b Subdirección General de los Archivos Estatales, |c 1996 | ||
| 300 | |a 109 p. : |b il. ; |c 20 cm | ||
| 490 | |a Normas técnicas de la Subdirección General de los Archivos Estatales ; 5 | ||
| 650 | |a Sigil·lografia |9 19842 | ||
| 700 | |a Espanya. Subdirección General de los Archivos Estatales |9 19843 | ||
| 901 | |a Arxiu | ||
| 942 | |n 1 | ||
| 952 | |0 0 |1 0 |4 0 |6 B1222 |7 1 |9 41343 |a Arxiu |b Arxiu |d 2016-12-01 |l 0 |o B-1-222 |p 11509 |r 2016-12-01 00:00:00 |w 2016-12-01 |y ARXIU | ||
| 999 | |c 43151 |d 43151 | ||